Eastern Utah Libraries Catalog: Duchesne, Heber, Roosevelt, & Vernal

The honey bus : (Record no. 351905)

MARC details
000 -LEADER
fixed length control field 02965cam a2200541Mi 4500
001 - CONTROL NUMBER
control field on1149151418
003 - CONTROL NUMBER IDENTIFIER
control field OCoLC
005 - DATE AND TIME OF LATEST TRANSACTION
control field 20200720131258.0
008 - FIXED-LENGTH DATA ELEMENTS--GENERAL INFORMATION
fixed length control field 200409t20202020oncacf e 000 0aeng
040 ## - CATALOGING SOURCE
Original cataloging agency AU@
Language of cataloging eng
Description conventions rda
Transcribing agency AU@
Modifying agency OCLCO
-- BDX
-- OCLCF
-- WACOL
020 ## - INTERNATIONAL STANDARD BOOK NUMBER
International Standard Book Number 9780778309758 (paperback)
020 ## - INTERNATIONAL STANDARD BOOK NUMBER
International Standard Book Number 0778309754 (paperback)
029 0# - (OCLC)
OCLC library identifier AU@
System control number 000066984032
035 ## - SYSTEM CONTROL NUMBER
System control number (OCoLC)1149151418
042 ## - AUTHENTICATION CODE
Authentication code anuc
082 04 - DEWEY DECIMAL CLASSIFICATION NUMBER
Classification number 638.1092
Edition number 23
092 ## - LOCALLY ASSIGNED DEWEY CALL NUMBER (OCLC)
Classification number 92
Item number May
049 ## - LOCAL HOLDINGS (OCLC)
Holding library WACL
100 1# - MAIN ENTRY--PERSONAL NAME
Personal name May, Meredith,
Relator term author.
9 (RLIN) 6366328
245 14 - TITLE STATEMENT
Title The honey bus :
Remainder of title a memoir of loss, courage and a girl saved by bees /
Statement of responsibility, etc Meredith May.
264 #1 - Production, Publication, Distribution, Manufacture, and Copyright Notice.
Place of production, publication, distribution, manufacture Toronto, Ontario :
Name of producer, publisher, distributor, manufacturer Park Row Books,
Date of production, publication, distribution, manufacture, or copyr [2020].
264 #4 - Production, Publication, Distribution, Manufacture, and Copyright Notice.
Date of production, publication, distribution, manufacture, or copyr �2019.
300 ## - PHYSICAL DESCRIPTION
Extent 316 pages, 16 unnumbered pages of plates :
Other physical details illustrations (chiefly colour), colour portraits ;
Dimensions 21 cm.
336 ## - Content Type
Content type term text
336 ## - Content Type
Content type term still image
337 ## - Media type
Media type term unmediated
338 ## - Carrier type
Carrier type term volume
500 ## - GENERAL NOTE
General note Includes questions for discussion.
520 ## - SUMMARY, ETC.
Summary, etc Meredith May recalls the first time a honeybee crawled on her arm. She was five years old, her parents had recently split and suddenly she found herself in the care of her grandfather, an eccentric beekeeper who made honey in a rusty old military bus in the yard. That first close encounter was at once terrifying and exhilarating for May. Everything she needed to know about life and family was right before her eyes, in the secret world of bees. May turned to her grandfather and the art of beekeeping as an escape from her troubled reality. The bees became a guiding force in May's life, teaching her about family and survival, and it was during this pivotal time in May's childhood that she learned to take care of herself. Part family story, part beekeeping odyssey, this book is a rich and lyrical memoir of a girl who journeyed into the hive -- and found herself.
521 ## - TARGET AUDIENCE NOTE
Target audience note Nonfiction
Source Baker & Taylor
600 10 - SUBJECT ADDED ENTRY--PERSONAL NAME
Personal name May, Meredith.
9 (RLIN) 6366328
650 #0 - SUBJECT ADDED ENTRY--TOPICAL TERM
Topical term or geographic name as entry element Women beekeepers
Geographic subdivision United States
Form subdivision Biography.
9 (RLIN) 6366329
650 #0 - SUBJECT ADDED ENTRY--TOPICAL TERM
Topical term or geographic name as entry element Beekeepers
Geographic subdivision United States
Form subdivision Biography.
9 (RLIN) 6366330
650 #0 - SUBJECT ADDED ENTRY--TOPICAL TERM
Topical term or geographic name as entry element Children of divorced parents
Form subdivision Biography.
9 (RLIN) 6366331
650 #0 - SUBJECT ADDED ENTRY--TOPICAL TERM
Topical term or geographic name as entry element Grandparent and child.
9 (RLIN) 6366332
650 #0 - SUBJECT ADDED ENTRY--TOPICAL TERM
Topical term or geographic name as entry element Bee culture
General subdivision Social aspects
Geographic subdivision United States.
9 (RLIN) 6366333
650 #0 - SUBJECT ADDED ENTRY--TOPICAL TERM
Topical term or geographic name as entry element Bees.
9 (RLIN) 6366334
650 #7 - SUBJECT ADDED ENTRY--TOPICAL TERM
Topical term or geographic name as entry element Beekeepers.
Source of heading or term fast
-- (OCoLC)fst00829730
9 (RLIN) 6366335
650 #7 - SUBJECT ADDED ENTRY--TOPICAL TERM
Topical term or geographic name as entry element Bees.
Source of heading or term fast
-- (OCoLC)fst00829774
9 (RLIN) 6366334
650 #7 - SUBJECT ADDED ENTRY--TOPICAL TERM
Topical term or geographic name as entry element Children of divorced parents.
Source of heading or term fast
-- (OCoLC)fst00855337
9 (RLIN) 6366336
650 #7 - SUBJECT ADDED ENTRY--TOPICAL TERM
Topical term or geographic name as entry element Grandparent and child.
Source of heading or term fast
-- (OCoLC)fst00946360
9 (RLIN) 6366332
650 #7 - SUBJECT ADDED ENTRY--TOPICAL TERM
Topical term or geographic name as entry element Women beekeepers.
Source of heading or term fast
-- (OCoLC)fst01895893
9 (RLIN) 6366337
651 #7 - SUBJECT ADDED ENTRY--GEOGRAPHIC NAME
Geographic name United States.
Source of heading or term fast
-- (OCoLC)fst01204155
9 (RLIN) 6366338
655 #7 - INDEX TERM--GENRE/FORM
Genre/form data or focus term Autobiographies.
Source of term fast
-- (OCoLC)fst01919894
9 (RLIN) 6366339
655 #7 - INDEX TERM--GENRE/FORM
Genre/form data or focus term Autobiographies.
Source of term lcgft
9 (RLIN) 6366339
938 ## -
-- Brodart
-- BROD
-- 124771009
994 ## -
-- C0
-- WACOL
Holdings
Withdrawn status Lost status Source of classification or shelving scheme Damaged status Not for loan Collection code Home library Current library Shelving location Date acquired Source of acquisition Total Checkouts Total Renewals Full call number Barcode Date last seen Date checked out Cost, replacement price Price effective from Koha item type
    Dewey Decimal Classification     General NonFiction Wasatch County Library Wasatch County Library Second Floor 07/20/2020 Baker & Taylor 6 6 92 May 34301001692815 02/24/2026 02/09/2026 16.99 07/20/2020 BOOK
This project was made possible through a grant from the Institute of Museum and Library Service administered by the Utah State Library Division.

Wasatch County Library

  • 465 East 1200 South, Heber City, Utah 84032
  • Phone 435-654-1511 | Fax 435-654-6456

Hours

  • Monday - Friday 9:30 AM - 8:00 PM
  • Saturday 9:30 AM - 1:30 PM
  • Closed Sundays and Holidays